women, Peace and Security (Record no. 43691)

MARC details
003 - CONTROL NUMBER IDENTIFIER
control field 0199100
005 - DATE AND TIME OF LATEST TRANSACTION
control field 20251011133131.0
020 ## - INTERNATIONAL STANDARD BOOK NUMBER
International Standard Book Number 9781032537504
040 ## - CATALOGING SOURCE
Description conventions rda
050 ## - LIBRARY OF CONGRESS CALL NUMBER
Classification number JZ 5578
Item number .J64 2024
100 ## - MAIN ENTRY--PERSONAL NAME
Relator code Johnson-Freese Joan
245 ## - TITLE STATEMENT
Title women, Peace and Security
Remainder of title An Introduction/
Statement of responsibility, etc Joan Johnson-Freese
250 ## - EDITION STATEMENT
Edition statement 2nd Ed.
260 ## - PUBLICATION, DISTRIBUTION, ETC. (IMPRINT)
Place of publication, distribution, etc Milton Park
Name of publisher, distributor, etc Routledge
Date of publication, distribution, etc 2024
264 ## - PUBLICATION, DISTRIBUTION, ETC. (IMPRINT)
Place of publication, distribution, etc Milton Park
Name of publisher, distributor, etc Routledge
Date of publication, distribution, etc 2024
300 ## - PHYSICAL DESCRIPTION
Extent xiii, 236p.:
Other physical details ill.
336 ## - CONTENT TYPE
Source rdacontent
338 ## - CARRIER TYPE
Source rdacarrier
500 ## - GENERAL NOTE
General note index
504 ## - BIBLIOGRAPHY, ETC. NOTE
Bibliography, etc index
650 ## - SUBJECT ADDED ENTRY--TOPICAL TERM
Source of heading or term Women and peace, women and war
942 ## - ADDED ENTRY ELEMENTS (KOHA)
Source of classification or shelving scheme Library of Congress Classification
Koha item type Books
Holdings
Withdrawn status Lost status Source of classification or shelving scheme Damaged status Not for loan Permanent Location Current Location Date acquired Inventory number Total Checkouts Full call number Date last seen Price effective from Koha item type
    Library of Congress Classification     NILE UNIVERSITY OF NIGERIA - MAIN LIBRARY NILE UNIVERSITY OF NIGERIA - MAIN LIBRARY 10/11/2025 0199100   JZ 5578 .J64 2024 10/11/2025 10/11/2025 Books
    Library of Congress Classification     NILE UNIVERSITY OF NIGERIA - MAIN LIBRARY NILE UNIVERSITY OF NIGERIA - MAIN LIBRARY 10/11/2025 0199101   JZ 5578 .J64 2024 10/11/2025 10/11/2025 Books